Garis Panduan : Perancangan Perusahaan Ternakan Khinzir
| Corporate Author: | |
|---|---|
| Format: | Book |
| Language: | English |
| Published: |
Malaysia :
Jabatan Perancangan Bandar dan Desa ,
1997
|
| Subjects: |
MARC
| LEADER | 00000cam a2200000 7i4500 | ||
|---|---|---|---|
| 001 | 0000013309 | ||
| 005 | 20230627.0 | ||
| 008 | 031003 my eng | ||
| 040 | |a INS | ||
| 090 | 0 | 0 | |a SF396 |b .G232 1997 |
| 110 | 1 | |a Jabatan Perancangan Bandar dan Desa | |
| 245 | 1 | 0 | |a Garis Panduan : |b Perancangan Perusahaan Ternakan Khinzir |c Jabatan Perancangan Bandar dan Desa |
| 260 | |a Malaysia : |b Jabatan Perancangan Bandar dan Desa , |c 1997 | ||
| 300 | |a 15 p. ; |c 30 cm. | ||
| 650 | 0 | |a Swine | |
| 999 | |a 0000007866 |b BOOK |c Open Shelf |e Default branch | ||